000 00783nam a22001577a 4500
003 OSt
005 20150917105319.0
008 150917b xxu||||| |||| 00| 0 eng d
040 _cRUA
082 _aAGR SOK 2005 B031 Or.1
100 _9655
_aSOK, SEREYRATH.
245 _aThe effect of organic fertilizers on chilli pepper (capsicum annuum) tield on crop research station of the royal university of agriculture ឥទ្ធិពលជីសរីរាង្គទៅលើទិន្នផលនៃដំណាំម្ទេសដៃនាងនៅស្ថាសនីយ៍ពិសោធន៍ដំណាំសាលកវិទ្យាល័យភូមិន្ទកសិកម្ម
260 _aPhnom Penh
_bRUA
_c2005
300 _a50p.
_bill.
_c29cm.
942 _2ddc
_cAGR
999 _c630
_d630